[Event "23rd Hogeschool Zeeland Open 2019"]
[Site "Vlissingen"]
[Date "2019.08.06"]
[Round "5.12"]
[White "Van Liempt, Michael"]
[Black "Afek, Yochanan"]
[Result "1/2-1/2"]
[WhiteElo "2091"]
[BlackElo "2253"]
[Annotator "ChessBase"]
[PlyCount "53"]
[EventDate "2019.08.03"]
[EventType "swiss"]
[EventCountry "NED"]
[SourceTitle "playchess.com"]
[Source "ChessBase"]
[SourceQuality "1"]
[TimeControl "40/5400+30:1800+30"]

1. d4 {[%emt 0:00:00]} Nf6 {[%emt 0:00:13]} 2. Nf3 {[%emt 0:00:18]} d5 {[%emt 0:02:49]} 3. c4 {[%emt 0:00:49]} dxc4 {[%emt 0:00:06]} 4. e3 {[%emt 0:00:39]} c5 {[%emt 0:03:25]} 5. Bxc4 {[%emt 0:01:02]} cxd4 {[%emt 0:00:13]} 6. exd4 {[%emt 0:00:21]} e6 {[%emt 0:03:50]} 7. O-O {[%emt 0:00:57]} Be7 {[%emt 0:00:04]} 8. Nc3 {[%emt 0:00:28]} O-O {[%emt 0:00:10]} 9. Re1 {[%emt 0:01:43]} a6 {[%emt 0:01:44]} 10. a3 {[%emt 0:00:26]} b5 {[%emt 0:00:32]} 11. Ba2 {[%emt 0:00:23]} Bb7 {[%emt 0:00:10]} 12. Bg5 {[%emt 0:03:01]} Nc6 {[%emt 0:09:31]} 13. Rc1 {[%emt 0:09:17]} Rc8 {[%emt 0:04:38]} 14. Bb1 {[%emt 0:04:49]} b4 {[%emt 0:17:53]} 15. Qd3 {[%emt 0:06:10]} g6 {[%emt 0:02:52]} 16. Na4 {[%emt 0:05:24]} Nd5 {[%emt 0:07:16]} 17. Bh6 {[%emt 0:03:42]} Re8 {[%emt 0:00:08]} 18. Nc5 {[%emt 0:01:46]} Ba8 {[%emt 0:01:06]} 19. Nxa6 {[%emt 0:10:44]} bxa3 {[%emt 0:00:18]} 20. bxa3 {[%emt 0:01:03]} Qd6 {[%emt 0:07:56]} 21. Nc5 {[%emt 0:02:08]} Red8 {[%emt 0:03:55]} 22. Ba2 {[%emt 0:04:03]} Nf4 {[%emt 0:05:39]} 23. Qe3 {[%emt 0:08:46]} Nd5 {[%emt 0:04:32]} 24. Qd2 {[%emt 0:01:59]} Bf8 {[%emt 0:03:27]} 25. Bxf8 {[%emt 0:04:19]} Qxf8 {[%emt 0:00:33]} 26. Re4 {[%emt 0:05:51]} Nxd4 {[%emt 0:05:16]} 27. Rxd4 {[%emt 0:10:19]} 1/2-1/2

[Event "23rd Hogeschool Zeeland Open 2019"]
[Site "Vlissingen"]
[Date "2019.08.06"]
[Round "5.13"]
[White "Wunnink, Michael"]
[Black "Westerweele, Henrik"]
[Result "1-0"]
[WhiteElo "2214"]
[BlackElo "1961"]
[Annotator "TA"]
[PlyCount "63"]
[EventDate "2019.08.03"]
[EventType "swiss"]
[EventCountry "NED"]
[SourceTitle "playchess.com"]
[Source "ChessBase"]
[SourceQuality "1"]

{[%evp 15,63,41,63,62,59,46,45,42,66,61,60,43,68,23,37,37,32,34,54,27,35,7,84,40,51,25,18,0,22,23,25,10,18,-18,-22,-22,0,-8,23,18,72,0,46,50,159,139,245,189,1364,1423]} 1. d4 e6 2. c4 f5 3. g3 Nf6 4. Bg2 Be7 5. Nf3 d6 6. O-O O-O 7. b3 Qe8 8. Bb2 Qh5 9. e3 {A96: Classical Dutch: Fluid Systems: Early deviations} (9. Nc3 c6 10. Qc2 d5 11. a4 a5 12. Ba3 Bxa3 13. Rxa3 Na6 14. Raa1 Nb4 15. Qb2 Bd7 16. Na2 Nxa2 17. Qxa2 g5 {1-0 (29) Jakovenko,D (2714)-Glek,I (2377) Moscow 2016}) 9... Ne4 10. Nc3 $146 (10. Qc2 {is interesting.} Nd7 11. Ne1 Qh6 12. Nd3 Ndf6 13. Qc1) ({Predecessor:} 10. Nbd2 d5 11. Qc2 Nc6 12. a3 a5 13. Nb1 Bd7 14. Nc3 Qf7 15. Ne2 Rfd8 16. Nf4 Kh8 {½-½ (64) Dietrich,U (2414)-Kuhn,A (2355) Remote email 2012}) 10... Nxc3 11. Bxc3 {White is slightly better.} Nd7 12. Qc2 Nf6 13. Rae1 Ne4 14. Nd2 {aiming for Bf3.} Nxc3 15. Qxc3 Bf6 16. f4 Re8 17. Nf3 Bd7 18. Qa5 Bd8 (18... b6 $11 {keeps the balance.} 19. Qd2 Rad8) 19. Qd2 Bf6 20. Qd3 Rad8 21. Nd2 c6 22. e4 e5 23. fxe5 dxe5 24. d5 {[%cal Re4f5]} f4 25. c5 fxg3 26. hxg3 Rf8 27. Nc4 $36 {[%mdl 2048] Black is under pressure.} Bg4 (27... Qg6 $11 {remains equal.}) 28. Nd6 (28. b4 $16) 28... Be7 29. Nxb7 {[#] Black must now prevent d6.} Rxf1+ (29... Rd7 $1 $14) 30. Qxf1 ({Don't do} 30. Rxf1 Rd7 $16) 30... Rd7 (30... Rf8 $16 31. Qc4 Kh8) 31. dxc6 Rxb7 $2 (31... Rc7) 32. Qc4+ {Accuracy: White = 35%, Black = 22%.} 1-0

[Event "23rd Hogeschool Zeeland Open 2019"]
[Site "Vlissingen"]
[Date "2019.08.06"]
[Round "5.14"]
[White "Stillger, Bernhard"]
[Black "Tibke, Jonas"]
[Result "1-0"]
[WhiteElo "2199"]
[BlackElo "1937"]
[Annotator "TA"]
[PlyCount "87"]
[EventDate "2019.08.03"]
[EventType "swiss"]
[EventCountry "NED"]
[SourceTitle "playchess.com"]
[Source "ChessBase"]
[SourceQuality "1"]

{[%evp 9,87,50,106,93,93,88,128,28,55,46,66,50,62,35,43,42,55,39,38,31,58,19,39,25,58,47,51,35,70,69,68,66,83,62,131,135,137,140,127,105,220,107,547,512,545,450,529,528,514,531,527,505,518,507,552,480,564,564,899,895,1342,1338,1242,1329,1275,1302,1151,1167,1429,1420,2503,2312,5297,5812,4326,4955,29981,29982,29969,2418]} 1. d4 f5 2. Nc3 Nf6 3. Bg5 d6 (3... d5 4. e3 e6 5. Nf3 a6 6. Ne5 c5 7. g4 cxd4 8. exd4 Qb6 9. Na4 Qa5+ 10. c3 fxg4 11. Bxf6 gxf6 12. Nxg4 Nd7 13. Ne3 {0-1 (49) Akobian,V (2625)-Caruana,F (2828) Saint Louis 2019}) 4. Bxf6 exf6 5. e3 Nd7 $146 (5... d5 $14) ({Predecessor:} 5... Be6 6. Bd3 d5 7. Qf3 Qd7 8. Nge2 Bb4 9. Nf4 g6 10. h4 Nc6 11. h5 {1-0 (46) Purton,B (2115)-Kelo,K (1592) Porto Carras 2018}) 6. Bd3 {A80: Dutch Defence: Unusual White second moves} Nb6 7. Qf3 g6 8. d5 (8. h4 $16) 8... Qe7 9. h4 h5 10. Nge2 Bh6 11. a4 a6 12. Nf4 Bxf4 13. Qxf4 Nd7 14. Qd4 Kf7 15. Be2 Ne5 16. f4 Nd7 17. a5 Re8 18. Kf2 Nc5 19. b4 $36 {[%mdl 2048] White fights for an advantage.} Ne4+ 20. Nxe4 fxe4 21. c4 Bf5 {[#]} ({Black should try} 21... Bd7 $14) 22. c5 $1 $16 Reb8 23. Rac1 Bd7 24. Rc3 f5 {[#]} (24... Rc8 $16) 25. g3 (25. cxd6 $1 $18 {is the precise move to win.} Qxd6 26. Rhc1) 25... Bb5 $2 {[%mdl 8192]} (25... Rc8 $16) 26. Bxb5 $18 axb5 27. Rhc1 {Threatens to win with cxd6.} Rc8 28. cxd6 Qxd6 29. Qe5 Qxe5 30. fxe5 {[%mdl 4096] Endgame KRR-KRR} c6 31. dxc6 bxc6 32. Rxc6 Rd8 33. Rf6+ Kg7 34. Rc7+ Kh6 35. Rd6 Rac8 36. Rxc8 Rxc8 {KR-KR} 37. Rb6 Rc2+ 38. Ke1 Rg2 39. Rxb5 Rxg3 40. Kf2 f4 41. exf4 Rf3+ 42. Ke2 Rxf4 43. a6 Rf8 44. Rb6 {Accuracy: White = 73%, Black = 30%.} (44. a7 $142 Ra8 45. Ra5 Kg7 46. b5 Rh8 47. a8=Q Rxa8 48. Rxa8 g5 49. hxg5) 1-0

[Event "23rd Hogeschool Zeeland Open 2019"]
[Site "Vlissingen"]
[Date "2019.08.06"]
[Round "5.15"]
[White "Baarslag, Ed"]
[Black "Van Haaften, Maarten"]
[Result "1/2-1/2"]
[WhiteElo "2220"]
[BlackElo "1870"]
[Annotator "TA"]
[PlyCount "79"]
[EventDate "2019.08.03"]
[EventType "swiss"]
[EventCountry "NED"]
[SourceTitle "playchess.com"]
[Source "ChessBase"]
[SourceQuality "1"]

{[%evp 14,79,52,40,51,31,36,39,59,45,91,87,85,22,39,24,33,36,29,29,23,2,6,0,12,11,12,-115,-112,-173,-187,-220,15,-177,-189,-177,-175,-175,-175,-175,-177,-178,-172,-266,-121,-133,-139,-126,0,0,0,0,0,0,0,0,0,0,0,0,0,0,0,0,0,0,0,0]} 1. d4 e6 2. c4 f5 3. g3 Nf6 4. Bg2 Be7 5. Nf3 d6 6. O-O O-O 7. b3 a5 8. Bb2 Ne4 {A96: Classical Dutch: Fluid Systems: Early deviations} 9. Nfd2 d5 10. Nxe4 fxe4 $146 {White is slightly better.} ({Predecessor:} 10... dxe4 11. f3 exf3 12. Bxf3 Bf6 13. e3 c5 14. Na3 Nc6 {0-1 (61) Gasanov,E (2502)-Polivanov,A (2385) Omelnyk 2018}) 11. Nc3 Nc6 {[%cal Bb8c6,Bc6b4,Bb4d3,Bd3c1][%mdl 32]} 12. e3 $1 Nb4 13. f3 (13. Qe2 $16) 13... Nd3 $11 14. Bc1 Nxc1 15. Rxc1 exf3 16. Rxf3 c6 17. Rc2 Bf6 18. Rf1 Rb8 19. Rcf2 b5 20. e4 (20. cxb5 $11 {remains equal.} cxb5 21. Ne2) 20... dxe4 $17 21. Kh1 (21. Ne2 $17) 21... e3 $36 {[%mdl 2048] Black is in control.} 22. Rf3 e5 $2 ({Black should try} 22... bxc4 $19 {And now ...Ba6 would win.} 23. bxc4 Ba6 24. Rxe3 Qxd4) 23. Rxe3 $2 (23. dxe5 $11 {and White stays safe.} Qxd1 24. Rxd1) 23... exd4 24. Rd3 bxc4 25. bxc4 Be6 26. Ne4 c5 ({Don't take} 26... Bxc4 27. Nxf6+ Rxf6 28. Rxd4 $17) 27. Nd2 Rb2 28. Qh5 (28. Qc1 {was called for.} Rb6 29. Rdf3) 28... Qd6 (28... Qc8 $19 {and Black stays clearly on top. ...Bg4 is the strong threat.} 29. Re1 Kh8) 29. Be4 $17 g6 30. Bxg6 hxg6 (30... Qe7 $1 $17 31. Be4 Kh8) 31. Qxg6+ $11 {[%mdl 64] Double Attack. The position is equal.} Bg7 {( -> ...Rxf1+)} 32. Rxf8+ Kxf8 33. Rf3+ Kg8 34. Qe8+ $1 Kh7 35. Qh5+ Bh6 {[#]} (35... Kg8 $5 36. Qe8+ $8 Bf8 $11) 36. Ne4 $1 {[%mdl 576] Double Attack} Rb1+ {[#]} (36... Qc6 $5 37. Nf6+ $8 {[#]} Kg7 $1 {[%mdl 512]} 38. Ne8+ Kh7 $1 {[%mdl 512]} 39. Nf6+ Kg7 $1 {[%mdl 512]} 40. Ne8+ Kh7 $1 {[%mdl 512]} 41. Nf6+ $11) 37. Kg2 $1 {[%mdl 512] White wants to mate with Ng5+.} Rb2+ {[#]} 38. Kg1 $1 {[%mdl 512] White threatens Ng5+ and mate.} Rb1+ {[#]} 39. Kg2 $1 {[%mdl 512] Intending Ng5+ and mate.} Rb2+ {[#]} 40. Kh1 $1 {[%mdl 512] Accuracy: White = 49%, Black = 51%.} 1/2-1/2

[Event "23rd Hogeschool Zeeland Open 2019"]
[Site "Vlissingen"]
[Date "2019.08.06"]
[Round "5.16"]
[White "Krause, Thomas"]
[Black "Mesman, Edwyn"]
[Result "1/2-1/2"]
[WhiteElo "2137"]
[BlackElo "2204"]
[Annotator "TA"]
[PlyCount "103"]
[EventDate "2019.08.03"]
[EventType "swiss"]
[EventCountry "NED"]
[SourceTitle "playchess.com"]
[Source "ChessBase"]
[SourceQuality "1"]

{[%evp 15,103,2,16,0,-11,0,0,-55,15,15,16,9,12,4,19,19,10,9,11,8,6,-11,-14,-14,0,0,-1,-11,-12,-8,7,0,-8,-10,0,0,0,0,0,-9,0,-13,-8,-14,0,-8,0,-8,0,-10,0,-16,-12,-9,-8,-37,-31,-27,-10,-127,0,-113,0,-120,-21,-21,-21,-97,-65,-65,-11,-52,-13,-35,0,-25,40,0,54,0,0,0,0,0,0,0,0,0,0,0]} 1. c4 Nf6 2. Nc3 g6 3. e4 e5 4. Nf3 Bg7 5. Be2 O-O 6. d4 exd4 7. Nxd4 Re8 8. f3 c6 9. Nb3 {A10: English Opening: Unusual Replies for Black} (9. Bg5 Qb6 10. Qd2 d5 11. cxd5 Nxe4 12. Nxe4 cxd5 13. Be3 dxe4 14. Nb5 Qf6 15. Nc7 Rd8 16. Bg5 Rxd2 17. Bxf6 {½-½ (72) Lenderman,A (2618)-So,W (2773) Saint Louis 2016}) 9... a5 10. a4 d5 11. Bg5 $146 (11. cxd5 $11 cxd5 12. Bg5 (12. Nxd5 Nxd5 13. Qxd5 Qxd5 $11) (12. exd5 Qb6 $11)) ({Predecessor:} 11. cxd5 cxd5 12. Bg5 h6 13. Bxf6 Qxf6 14. Nxd5 Qxb2 15. O-O Nc6 16. Rf2 Qe5 {1-0 (33) Lalith,B (2457)-Shyam,N (2386) Chennai 2010}) 11... dxc4 (11... h6 $15 12. Bxf6 Bxf6) 12. Qxd8 $11 Rxd8 13. Bxc4 Re8 14. Rd1 Nfd7 15. Be3 b6 16. O-O Na6 17. Bxa6 Rxa6 18. Rd6 Ne5 $1 {[%cal Re5c4]} 19. Rfd1 Be6 20. Rd8 Ra8 21. Rxa8 Rxa8 22. Nd4 Bd7 23. h3 Nc4 24. Bc1 Bf8 25. b3 Nd6 $1 26. Bf4 {[#] And now Nc2 would win.} Nb7 27. g4 Rc8 28. Kg2 Nc5 29. Be3 Bg7 30. Nce2 Rb8 31. Rc1 Rb7 32. Rc2 Kf8 33. Rc1 Nd3 34. Rd1 Nb4 35. Bf4 Ke7 36. Bg5+ Ke8 37. Bf4 (37. Nc3 $11) 37... Ra7 (37... c5 $17 38. Nb5 Bxb5 39. axb5 Rd7 40. Rxd7 Kxd7) 38. Be3 (38. Bb8 $11 {remains equal.} Rb7 39. Bg3) 38... Rb7 39. Bf4 Bf8 (39... c5 $17 40. Nb5 Bxb5 41. axb5 Rd7) 40. Nc3 Bc5 41. Nce2 (41. Bg5 $11 {keeps the balance.}) 41... Be7 42. Nc3 f6 ({Black should try} 42... Bc8 $1 $15) 43. h4 Kf7 44. g5 f5 45. Kg3 Na6 (45... fxe4 $11 46. fxe4 Ke8) 46. h5 Nc5 (46... fxe4 $11 47. hxg6+ Kxg6) 47. Rh1 (47. hxg6+ $14 hxg6 48. exf5) 47... Ne6 {The position is equal.} 48. hxg6+ hxg6 49. Rh7+ Kf8 50. Rh8+ Kf7 51. Rh7+ Kf8 52. Rh8+ {Accuracy: White = 30%, Black = 35%.} 1/2-1/2

[Event "23rd Hogeschool Zeeland Open 2019"]
[Site "Vlissingen"]
[Date "2019.08.07"]
[Round "6.1"]
[White "Van Wely, Loek"]
[Black "L'Ami, Erwin"]
[Result "1/2-1/2"]
[WhiteElo "2616"]
[BlackElo "2633"]
[Annotator "TA"]
[PlyCount "65"]
[EventDate "2019.08.03"]
[EventType "swiss"]
[EventCountry "NED"]
[SourceTitle "playchess.com"]
[Source "ChessBase"]
[SourceQuality "1"]

{[%evp 22,65,31,28,40,27,34,11,12,-27,22,18,20,18,24,13,14,13,33,12,34,12,30,18,33,24,33,-7,18,18,18,18,38,24,38,30,38,18,38,18,38,18,18,0,0,0]} 1. Nf3 Nf6 2. c4 g6 3. Nc3 Bg7 4. d4 O-O 5. e4 d6 6. Be2 e5 7. O-O Nc6 8. d5 Ne7 9. a4 a5 10. Ne1 Nd7 11. Nd3 f5 12. f3 f4 {E97: King's Indian: Classical Main Line (6...e5 7 0-0 Nc6): 8 Be3 and 8 d5 Ne7, not 9 Ne1} (12... Kh8 13. Be3 b6 14. g4 Ng8 15. Qd2 f4 16. Bf2 h5 17. h3 Nc5 18. Nxc5 bxc5 19. Nb5 Bh6 20. Ra3 {0-1 (57) Popov,V (2532)-Grischuk,A (2771) St Petersburg 2018}) 13. Bd2 c5 $146 ({Predecessor:} 13... g5 14. Nb5 Nf6 15. Nf2 h5 16. h3 c5 17. dxc6 bxc6 18. Na3 c5 19. Nb5 Nc6 20. Bc3 Nd4 21. Bxd4 exd4 {0-1 (32) Chylewski,P (2335)-Kosakowski,J (2324) Kudowa-Zdroj 2018}) 14. g3 {[%cal Rg3f4]} g5 15. g4 h5 16. h3 Rf6 17. Kf2 Rh6 18. Rh1 Ng6 19. Qg1 b6 20. Ke1 Nb8 21. Nb5 Na6 22. Kd1 Qe7 23. Kc2 Bd7 24. Qf2 Kf7 25. Rag1 Rah8 {Threatening ...hxg4.} 26. Qf1 Bf8 27. Nf2 Ke8 28. Kd1 Qh7 29. b3 Be7 30. Be1 Qg7 31. Nc3 R8h7 32. Bd2 Qh8 33. Be1 {Accuracy: White = 30%, Black = 30%.} 1/2-1/2

[Event "23rd Hogeschool Zeeland Open 2019"]
[Site "Vlissingen"]
[Date "2019.08.07"]
[Round "6.2"]
[White "Kamsky, Gata"]
[Black "Ikonnikov, Vyacheslav"]
[Result "1-0"]
[WhiteElo "2673"]
[BlackElo "2499"]
[Annotator "TA"]
[PlyCount "85"]
[EventDate "2019.08.03"]
[EventType "swiss"]
[EventCountry "NED"]
[SourceTitle "playchess.com"]
[Source "ChessBase"]
[SourceQuality "1"]

{[%evp 12,85,31,29,34,31,30,34,24,20,62,58,59,56,54,56,50,55,57,52,58,59,84,39,47,30,34,28,87,74,71,69,84,68,93,72,62,65,88,70,91,84,112,120,123,114,105,106,114,101,140,42,177,170,177,188,201,208,231,204,209,195,240,203,395,437,437,432,427,350,218,8,4,8,5,0]} 1. e4 c5 2. Nf3 Nc6 3. Nc3 e5 4. Bc4 Be7 5. d3 d6 6. Nd2 Nf6 7. Nf1 Nd7 {B30: Sicilian: 2...Nc6 3 Bb5, lines without ...g6} 8. Ne3 (8. Nd5 Nb6 9. Nxb6 axb6 10. c3 O-O 11. Ne3 Bg5 12. O-O Kh8 13. a3 f5 14. Nxf5 Bxc1 15. Rxc1 Bxf5 16. exf5 {0-1 (33) Svidler,P (2735)-Carlsen,M (2845) Karlsruhe/Baden Baden 2019}) 8... Nb6 9. O-O O-O {White is slightly better.} 10. Ned5 Bg5 11. Nxb6 axb6 12. a4 Bxc1 13. Rxc1 $146 ({Predecessor:} 13. Qxc1 Be6 14. Qd2 h6 15. f4 exf4 16. Rxf4 {½-½ (59) Leko,P (2737)-Gelfand,B (2738) London 2012}) 13... Be6 14. b3 Nb4 15. Qd2 Qd7 16. Rce1 f5 17. Nd5 Bxd5 $1 18. exd5 f4 19. f3 Qf5 (19... g5 $11 {remains equal.}) 20. c3 $16 Na6 21. d4 exd4 22. cxd4 Nb4 23. dxc5 bxc5 24. Re6 Rad8 25. Rf2 b6 26. h3 h6 27. Rfe2 Rf6 28. Rxf6 Qxf6 29. Re6 Qf5 30. Kh2 Kh8 31. Qc3 (31. Re7 $1 $16) 31... Qg5 {[#]} ({Better is} 31... Kg8 $1 $14) 32. Qe1 $1 $18 Qf5 33. Qh4 $36 {[%mdl 2048] Keeping Black busy.} Qg5 34. Qxg5 hxg5 {[%mdl 4096] Endgame [#] KRB-KRN} 35. h4 $1 {[%mdl 512]} gxh4 36. Kh3 Nc2 37. Kxh4 Nd4 $2 (37... Ne3 38. Kg5 Nxg2) 38. Kg5 Nxe6+ 39. dxe6 Re8 {intending ...Kg8.} 40. Kxf4 Kg8 41. Ke4 $2 ({White should play} 41. e7+ $18 Kh7 42. Ke4 Rxe7+ 43. Kd5) 41... Kf8 $11 42. Kd5 Ke7 43. Kc6 {[%mdl 32768] Accuracy: White = 72%, Black = 49%. . Sensor Board Error (Ke4/e5)?} 1-0

[Event "23rd Hogeschool Zeeland Open 2019"]
[Site "Vlissingen"]
[Date "2019.08.07"]
[Round "6.3"]
[White "Harika, Dronavalli"]
[Black "Werle, Jan"]
[Result "1/2-1/2"]
[WhiteElo "2492"]
[BlackElo "2555"]
[Annotator "ChessBase"]
[PlyCount "34"]
[EventDate "2019.08.03"]
[EventType "swiss"]
[EventCountry "NED"]
[SourceTitle "playchess.com"]
[Source "ChessBase"]
[SourceQuality "1"]
[TimeControl "40/5400+30:1800+30"]

1. d4 {[%emt 0:00:00]} Nf6 {[%emt 0:00:00]} 2. c4 {[%emt 0:00:00]} e6 {[%emt 0:00:00]} 3. Nc3 {[%emt 0:00:00]} Bb4 {[%emt 0:00:00]} 4. Qc2 {[%emt 0:00:00]} O-O {[%emt 0:00:00]} 5. e4 {[%emt 0:00:01]} d5 {[%emt 0:00:37]} 6. e5 {[%emt 0:00:27]} Ne4 {[%emt 0:00:14]} 7. Bd3 {[%emt 0:00:19]} c5 {[%emt 0:00:23]} 8. Nge2 {[%emt 0:01:19]} cxd4 {[%emt 0:02:28]} 9. Nxd4 {[%emt 0:00:32]} Nd7 {[%emt 0:00:17]} 10. Bf4 {[%emt 0:00:53]} Qh4 {[%emt 0:02:33]} 11. g3 {[%emt 0:00:32]} Qh5 {[%emt 0:00:25]} 12. O-O {[%emt 0:04:17]} g5 {[%emt 0:04:19]} 13. cxd5 {[%emt 0:03:08]} Bxc3 {[%emt 0:05:16]} 14. bxc3 {[%emt 0:00:30]} exd5 {[%emt 0:01:46]} 15. Bxe4 {[%emt 0:05:32]} dxe4 {[%emt 0:03:38]} 16. e6 {[%emt 0:00:57]} gxf4 {[%emt 0:01:58]} 17. exd7 {[%emt 0:01:14]} Bxd7 {[%emt 1:14:36]} 1/2-1/2

[Event "23rd Hogeschool Zeeland Open 2019"]
[Site "Vlissingen"]
[Date "2019.08.07"]
[Round "6.4"]
[White "Hausrath, Daniel"]
[Black "Romanishin, Oleg M"]
[Result "1/2-1/2"]
[WhiteElo "2468"]
[BlackElo "2443"]
[Annotator "ChessBase"]
[PlyCount "27"]
[EventDate "2019.08.03"]
[EventType "swiss"]
[EventCountry "NED"]
[SourceTitle "playchess.com"]
[Source "ChessBase"]
[SourceQuality "1"]
[TimeControl "40/5400+30:1800+30"]

1. Nf3 {[%emt 0:00:00]} Nf6 {[%emt 0:00:00]} 2. g3 {[%emt 0:00:40]} g6 {[%emt 0:02:11]} 3. Bg2 {[%emt 0:02:09]} Bg7 {[%emt 0:01:58]} 4. O-O {[%emt 0:00:18]} O-O {[%emt 0:05:31]} 5. d4 {[%emt 0:01:42]} d5 {[%emt 0:08:28]} 6. Be3 {[%emt 0:01:09]} c6 {[%emt 0:07:01]} 7. Qc1 {[%emt 0:01:15]} Bg4 {[%emt 0:12:46]} 8. c4 {[%emt 0:14:09]} dxc4 {[%emt 0:01:34]} 9. Qxc4 {[%emt 0:03:02]} Nd5 {[%emt 0:00:53]} 10. Nc3 {[%emt 0:03:19]} Nxe3 {[%emt 0:04:45]} 11. fxe3 {[%emt 0:00:07]} Nd7 {[%emt 0:00:13]} 12. Rad1 {[%emt 0:05:11]} Nb6 {[%emt 0:09:01]} 13. Qd3 {[%emt 0:02:14]} Bxf3 {[%emt 0:02:06]} 14. Bxf3 {[%emt 0:16:29]} 1/2-1/2

[Event "23rd Hogeschool Zeeland Open 2019"]
[Site "Vlissingen"]
[Date "2019.08.07"]
[Round "6.5"]
[White "Elgersma, Onno"]
[Black "Ortiz Suarez, Isan Reynaldo"]
[Result "1/2-1/2"]
[WhiteElo "2232"]
[BlackElo "2551"]
[Annotator "TA"]
[PlyCount "122"]
[EventDate "2019.08.03"]
[EventType "swiss"]
[EventCountry "NED"]
[SourceTitle "playchess.com"]
[Source "ChessBase"]
[SourceQuality "1"]

{[%evp 10,122,32,29,41,6,14,1,7,12,50,15,64,66,70,72,95,0,0,0,0,0,0,-70,-36,-38,-37,-31,-33,-37,-35,-31,-16,-12,-12,-39,-10,-10,-13,-14,-20,-66,-17,-47,-26,-9,-10,-10,0,-47,-15,-22,0,0,0,0,17,16,17,23,20,23,25,25,31,31,89,89,89,89,89,89,89,70,67,67,89,61,61,61,89,78,143,154,816,811,808,795,781,774,750,738,5065,2352,2279,2269,1188,419,585,582,491,0,4134,338,330,318,276,15,15,15,14,6,52,8,8]} 1. e4 c5 2. Nf3 d6 3. Bb5+ Nc6 4. O-O Bd7 5. Re1 Nf6 6. c3 a6 {B51: Sicilian: Moscow Variation (3 Bb5+) without 3...Bd7} 7. Bc4 Bg4 8. d4 Bxf3 9. gxf3 Qc7 $146 ({Predecessor:} 9... cxd4 10. cxd4 e5 11. Be3 Be7 12. d5 Nd4 13. f4 O-O 14. Bd3 {½-½ (45) Jones,G (2650)-Moiseenko,A (2648) Almaty 2016}) 10. f4 cxd4 11. cxd4 e5 12. d5 $1 {[%cal Rd5c6]} Nd4 13. Bd3 (13. Na3 $16) 13... g6 $11 14. Be3 (14. Na3 {looks sharper.} Bg7 15. fxe5 dxe5 16. Nc2 Nb5 17. Bg5) 14... Bg7 15. Bxd4 exd4 16. Qf3 (16. e5 $11 dxe5 17. d6 (17. Rxe5+ Kf8 $15)) 16... O-O 17. Nd2 {[%cal Bb1d2,Bd2f1,Bf1g3,Bg3e2][%mdl 32]} Nh5 18. Nf1 Bh6 19. f5 $1 Nf4 20. Ng3 Rac8 21. Ne2 Nxd3 22. Qxd3 Qc2 (22... Bg7 {keeps more tension.} 23. Nxd4 Qb6 24. Ne2 Rfe8 25. Rab1 Qa5) 23. Qxc2 Rxc2 24. Nxd4 Rxb2 25. fxg6 hxg6 26. Rab1 Rxa2 {...Bg7 is the strong threat.} (26... Rd2 $5 {[%cal Rd2d4]} 27. Nf3 Rxa2 $15) 27. Rxb7 Re8 28. Nc6 Bf4 29. Ra7 Kg7 30. Kg2 Ra3 31. h3 g5 32. Rb1 Rh8 33. Rbb7 Rhxh3 34. Rxf7+ Kg6 $1 {And now ...Rh2+ would win.} 35. Rg7+ Kh5 {aiming for ...Rh2+.} 36. Rh7+ Kg4 {[#]} 37. Rxa6 $1 {[%mdl 512]} Rxa6 (37... Rxh7 $14 38. Rxa3 Rh2+ 39. Kg1 Rh3 40. Rxh3 Kxh3) 38. Rxh3 $14 {[%csl Gg2,Gh3][%cal Rf2f3][%mdl 4096] Endgame KRB-KRN} Ra2 39. Rh7 Rd2 40. Ne7 Be5 41. Rf7 Kh5 42. Nc6 Bf4 43. Rf6 Ra2 44. Nd8 Be5 45. Rf5 $1 Ra4 ({Black should try} 45... Kh4) 46. Nf7 $1 $16 {[%cal Rf7e5]} Bf4 $2 (46... Rxe4 $16 47. Rxg5+ Kh4) 47. Rf6 $18 {White wants to mate with Rh6+.} Ra2 48. Nxd6 Be5 49. Re6 Bd4 50. Nf5 Ba7 51. Ng3+ Kg4 {[#]} 52. Rf6 $1 Bd4 53. Rf7 (53. Rf5 $142 Be3 54. d6) 53... Rd2 54. Rf5 Bc5 55. Rf7 $2 ({White should play} 55. Nf1 $18 Re2 56. Rf7) 55... Bb6 $2 {[%mdl 8192] [#]} (55... Bd4 $11 56. Nf1 Ra2) 56. Nh1 $2 (56. d6 $1 {Strongly threatening e5.} Bd4 (56... Rxd6 57. f3+) 57. d7 Bxf2 58. Nf1 Rxd7 59. Nh2+ Kh5 60. Rxd7) 56... Bc5 57. Rf6 Bd4 58. Re6 $2 ({Better is} 58. Rf3 $18) 58... Kf4 $11 59. d6 Be5 60. Ng3 {Hoping for Re8.} Rxd6 (60... Bd4 $5 {[%cal Rd2f2]} 61. Nh1 Be5 $14) 61. Rxd6 Bxd6 {Accuracy: White = 60%, Black = 44%.} 1/2-1/2